| 000 | 00462cam a2200181ua 4500 | ||
|---|---|---|---|
| 020 |
_a81 85076 76 6 _c75.90 |
||
| 041 |
_aeng _h |
||
| 082 |
_a631.587 _bGOV/IR |
||
| 100 | _aGovindaiah, T . | ||
| 245 |
_aIrrigation development in India / _cT Govindaiah. _hTextual Documents |
||
| 250 |
_a1 / _b. |
||
| 260 |
_aAllahabad : _bChugh publications , _c1989. |
||
| 300 | _a311 ; . | ||
| 365 | _a75.90 | ||
| 504 | _a | ||
| 942 | _cBK | ||
| 999 |
_c7280 _d7280 |
||